| 000 | 00000nam##2200000za#4500 |
| 001 | 9.663855 |
| 003 | CaOODSP |
| 005 | 20241126151549 |
| 007 | ta |
| 008 | 150407|2002||||xxc||||| f|0| 0 eng|d |
| 020 | |a0-662-66681-X |
| 040 | |aCaOODSP|beng |
| 041 | |aeng |
| 041 | |afre |
| 043 | |an-cn--- |
| 086 | 1 |aPF4-7/2002-2 |
| 110 | 1 |aCanada.|bCommunication Canada. |
| 245 | 10|aListening to Canadians Communications Survey : |bSpring 2002 |
| 260 | |aOttawa - Ontario : |bCommunication Canada |c2002. |
| 300 | |aEnglish text, 50p. : |bgraphs, tables ; |c28 cm. |
| 520 | 3 |aThis is a report of the results of a spring 2002 survey of 5,422 adults across Canada. Communication Canada undertook the survey to ask Canadians their perceptions of health care, government accountability and the economy. Although health care is a major concern for Canadians, only about half the population is aware of the Romanow Commission. Other major concerns for Canadians are education and the economy. Canadian evaluations of the government are moderately positive on the economy and international relations and security. |
| 563 | |aSpiral binding |
| 590 | |a02-37|b2002-09-13 |
| 690 | 07|aFederal institutions|2gcpds |
| 690 | 07|aGovernment services|2gcpds |
| 690 | 07|aSurveys|2gcpds |
| 776 | 0#|tListening to Canadians Communications Survey : |w(CaOODSP)9.945605 |
| 792 | |tÀ l'écoute des Canadiens: Enquête sur les communications : |efre|w(CaOODSP)9.663856 |